MAASAI MARA UNIVERSITY

LIBRARY CATALOGUE

Contact Us: +254 020 2685356/7 or 0774 057787

Box: 861-20500, NAROK, KENYA

Email: info@mmarau.ac.ke

Marquez,Gabriel Garcia (Record no. 5268)

MARC details
000 -LEADER
fixed length control field 00395nam a2200133Ia 4500
008 - FIXED-LENGTH DATA ELEMENTS--GENERAL INFORMATION
fixed length control field 151015s9999 xx 000 0 und d
020 ## - INTERNATIONAL STANDARD BOOK NUMBER
International Standard Book Number 9.7803073897e+012
050 ## - LIBRARY OF CONGRESS CALL NUMBER
Classification number PQ180.17 .A73 1988
245 ## - TITLE STATEMENT
Title Marquez,Gabriel Garcia
250 ## - EDITION STATEMENT
Edition statement _Love in the time of cholera Gabriel Garcia Marquez
300 ## - PHYSICAL DESCRIPTION
Extent New York Vintage 1988
650 ## - SUBJECT ADDED ENTRY--TOPICAL TERM
Topical term or geographic name as entry element _Love story
700 ## - ADDED ENTRY--PERSONAL NAME
Personal name ^d20130617 02:01:30^oanne

No items available.

© 2016 Maasai Mara University.